Programació : febrer/juny 2002 / Teatre Auditori de Granollers febrer/juny 2002 / Teatre Auditori de Granollers
Descripción Física:
[56] p. ; 21 cm
MARC
| LEADER | 00000nam a2200000Ia 4500 | ||
|---|---|---|---|
| 001 | 15570 | ||
| 008 | 160829s2002 xx 000 0 cat d | ||
| 080 | |a B-2-36 | ||
| 100 | |a Teatre Auditori de Granollers |9 32450 | ||
| 245 | |a Programació : |b febrer/juny 2002 / Teatre Auditori de Granollers | ||
| 260 | |a [Granollers] : |b [s.n.], |c 2002 | ||
| 300 | |a [56] p. ; |c 21 cm | ||
| 650 | |a Teatre Auditori de Granollers |x Programes |9 32451 | ||
| 901 | |a Arxiu | ||
| 942 | |n 1 | ||
| 952 | |0 0 |1 0 |4 0 |6 B236 |7 1 |9 45987 |a Arxiu |b Arxiu |d 2016-12-01 |l 0 |o B-2-36 |p 15570 |r 2016-12-01 00:00:00 |w 2016-12-01 |y ARXIU | ||
| 999 | |c 49488 |d 49488 | ||